Представление документа в формате RUSMARC

ПолеНазваниеЗначение
  Тип записи a
  Библиографический уровень c
001 Контрольный номер RU/SLIB/B/208727960
005 Дата корректировки 20241212093620.3
010 Индекс ISBN __
a ISBN 966-03-0278-9
d Цена 50-00
101 Язык документа 0_
a Язык текста rus
c Язык оригинала fre
200 Заглавие и сведения об ответственности 1_
a Заглавие Сочинения
e Сведения, относящиеся к заглавию пер. с фр. : в 5 т.
f Первые сведения об ответственности А. Камю ; вступ. ст. М. Поповича ; коммент. А. Волкова
b Общее обозначение материала Текст
i Наименование части Ранняя эссеистика
i Наименование части Изнанка и лицо
i Наименование части Брачный пир
i Наименование части Счастливая смерть
i Наименование части Калигула
i Наименование части Посторонний
h Номер части Т. 1
210 Выходные данные 1_
a Место издания Харьков
c Издательство Фолио
d Дата издания 1998
215 Физическое описание __
a Объем 398 с., [1] л. портр.
225 Серия 2_
a Серия Вершины
606 Тематические рубрики __
a Основная рубрика Художественная литература
z Хронологическая подрубрика 20 в.
606 Тематические рубрики __
a Основная рубрика Литература Европы (произведения)
610 Ключевые слова 0_
a Ключевые слова французская литература; проза; драматурги; эссе
686 Индексы других классификаций __
a Классификационный индекс 84(4Фра); ст84(4Фра)
700 Автор _1
a Фамилия Камю
b Имя А.
g Полное личное имя Альбер
4 Код отношения 070
702 Вторичная интеллектуальная ответственность _1
a Фамилия Попович
b Имя М.
4 Код отношения Автор предисловия и т.д.
4 Код отношения 080
702 Вторичная интеллектуальная ответственность _1
a Фамилия Волков
b Имя А.
4 Код отношения Комментатор
4 Код отношения 212
801 Источник записи _0
a Страна RU
b Организация Муниципальное бюджетное учреждение культуры "Централизованная библиотечная система" г. Сургут (Центральная городская библиотека им. А. С. Пушкина)
g Правила каталогизации КиК/Поспелова
801 Источник записи _1
a Страна RU
b Организация Муниципальное бюджетное учреждение культуры "Централизованная библиотечная система" г. Сургут (Центральная городская библиотека им. А. С. Пушкина)
g Правила каталогизации КиК/Поспелова
852 Данные о местонахождении __
j Шифр хранения 84(4Фра)
c Каталожный индекс 84(4Фра)
i Авторский знак К 18
901 Тип документа 1_
t Тип документа x
903 Характеристики (МАРС) __
a Дата передачи 20020905
969 Тип издания __
a Тип издания сборник
990 Данные о заказе (DOS) __
j Количество экземпляров (DOS) 1
t N записи в КСУ для И/У (DOS) 200209